<?xml version="1.0" encoding="UTF-8"?>
<collection xmlns="http://www.loc.gov/MARC21/slim">
 <record>
  <leader>01549pam a22002898a 4500</leader>
  <controlfield tag="001">00023256</controlfield>
  <controlfield tag="005">20171026081022.0</controlfield>
  <controlfield tag="008">110616s2007                  ||||||Viesd</controlfield>
  <datafield tag="041" ind1="0" ind2="#">
   <subfield code="a">Vie</subfield>
  </datafield>
  <datafield tag="082" ind1="1" ind2="4">
   <subfield code="a">495.922 5</subfield>
   <subfield code="b">V121D</subfield>
  </datafield>
  <datafield tag="100" ind1="0" ind2="#">
   <subfield code="a">Ngô Văn Cảnh</subfield>
  </datafield>
  <datafield tag="245" ind1="0" ind2="0">
   <subfield code="a">Vận dụng lý thuyết kiến tạo vào quá trình dạy học, kiểm tra đánh giá học phần ngữ pháp tiếng việt</subfield>
   <subfield code="b">Sách trợ giúp giảng viên CĐSP</subfield>
   <subfield code="c">Ngô Văn Cảnh</subfield>
  </datafield>
  <datafield tag="260" ind1="#" ind2="#">
   <subfield code="a">H.</subfield>
   <subfield code="b">ĐH Sư phạm</subfield>
   <subfield code="c">2007</subfield>
  </datafield>
  <datafield tag="300" ind1="#" ind2="#">
   <subfield code="a">224 tr.</subfield>
   <subfield code="c">24 cm.</subfield>
  </datafield>
  <datafield tag="653" ind1="#" ind2="#">
   <subfield code="a">Kiểm tra</subfield>
  </datafield>
  <datafield tag="653" ind1="#" ind2="#">
   <subfield code="a">Cao đẳng</subfield>
  </datafield>
  <datafield tag="653" ind1="#" ind2="#">
   <subfield code="a">Ngữ pháp</subfield>
  </datafield>
  <datafield tag="653" ind1="#" ind2="#">
   <subfield code="a">phương pháp giáo dục</subfield>
  </datafield>
  <datafield tag="653" ind1="#" ind2="#">
   <subfield code="a">Tiếng việt</subfield>
  </datafield>
  <datafield tag="653" ind1="#" ind2="#">
   <subfield code="a">Sư phạm</subfield>
  </datafield>
  <datafield tag="653" ind1="#" ind2="#">
   <subfield code="a">Phương pháp kiểm tra</subfield>
  </datafield>
  <datafield tag="852" ind1="#" ind2="#">
   <subfield code="j">KD.0009713</subfield>
   <subfield code="j">KGT.0022828</subfield>
   <subfield code="j">KGT.0022830</subfield>
   <subfield code="j">KGT.0022831</subfield>
   <subfield code="j">KGT.0022818</subfield>
   <subfield code="j">KGT.0022819</subfield>
   <subfield code="j">KGT.0022821</subfield>
   <subfield code="j">KGT.0022822</subfield>
   <subfield code="j">KGT.0022824</subfield>
   <subfield code="j">KGT.0022825</subfield>
   <subfield code="j">KGT.0022827</subfield>
   <subfield code="j">KGT.0022820</subfield>
   <subfield code="j">KGT.0022823</subfield>
   <subfield code="j">KGT.0022826</subfield>
   <subfield code="j">KGT.0022829</subfield>
  </datafield>
  <datafield tag="852" ind1="#" ind2="#">
   <subfield code="b">Kho đọc</subfield>
   <subfield code="j">KD.0009713</subfield>
  </datafield>
  <datafield tag="852" ind1="#" ind2="#">
   <subfield code="b">Kho mượn</subfield>
   <subfield code="j">KGT.0022818</subfield>
  </datafield>
  <datafield tag="852" ind1="#" ind2="#">
   <subfield code="b">Kho giáo trình</subfield>
   <subfield code="j">KGT.0022818, KGT.0022819, KGT.0022820, KGT.0022821, KGT.0022822, KGT.0022823, KGT.0022824, KGT.0022825, KGT.0022826, KGT.0022827, KGT.0022828, KGT.0022829, KGT.0022830, KGT.0022831, KGT.0022832, KGT.0022833, KGT.0022834, KGT.0022835, KGT.0022836, KGT.0022837, KGT.0022838, KGT.0022839, KGT.0022840, KGT.0022841</subfield>
  </datafield>
  <datafield tag="910" ind1="0" ind2="#">
   <subfield code="a">ngoc</subfield>
   <subfield code="d">16/06/2011</subfield>
  </datafield>
  <datafield tag="980" ind1="#" ind2="#">
   <subfield code="a">Trung tâm Học liệu Lê Vũ Hùng, Trường Đại học Đồng Tháp</subfield>
  </datafield>
 </record>
</collection>
